[Event "Stay Safe Play From Home 379"]
[Site "Emanuel Lasker Arena"]
[Date "2020.08.13"]
[Round "6"]
[White "AChessPlayer"]
[Black "IceQueen"]
[Result "1-0"]
[WhiteElo "2486"]
[BlackElo "2359"]
[Annotator "TA"]
[PlyCount "123"]
[EventDate "2020.08.13"]
[EventType "swiss (blitz)"]

{[%evp 11,122,44,70,-4,-20,-28,-15,-17,4,-28,-30,-246,0,0,0,0,-8,-2,-8,-18,0,0,0,-34,14,19,13,-43,-27,-186,-111,-104,-45,-70,126,122,188,181,262,251,781,556,759,79,90,81,118,51,75,52,142,59,56,9,21,0,0,0,53,-100,-89,-302,-89,-300,-201,-198,-56,-413,-408,-598,-588,-1123,-586,-732,-628,-860,-832,-1056,-1039,-936,-685,-895,-893,-1497,-1581,-1504,-1184,-1035,-690,-1624,-12,-12,-31,-244,-64,-172,-158,-509,0,-1158,8,0,127,0,0,0,113,0,39,0,29998,29999,29999]} 1. Nf3 Nf6 2. g3 g6 3. Bg2 Bg7 4. O-O O-O 5. d4 c5 6. dxc5 Na6 7. c3 {A49: 1 d4 Nf6 2 Nf3 g6 3 g3: Anti-King's Indian systems.} (7. Be3 $1 $14) 7... Nxc5 $11 8. Nbd2 d6 9. Nb3 {The position is equal.} Qc7 {[#]} 10. Nfd4 $146 ({Predecessor:} 10. Nxc5 Qxc5 11. h3 Bf5 12. Qa4 Be4 13. Be3 Qc6 14. Qb3 Qc7 15. Rfd1 b6 16. Rd4 {0-1 (39) Strauss,J (2106)-Prusikin,M (2542) Switzerland 2010}) 10... Bd7 11. Bf4 $2 (11. Re1 $11) 11... a5 $2 (11... e5 $19 12. Bg5 exd4 13. cxd4 Ne6 14. Bxf6 Bxf6) 12. Nxc5 Qxc5 13. a4 e5 14. Nb3 Qb6 {White must now prevent ...Be6.} (14... Qc4 {is more complex.} 15. Nd2 Qc7 16. Bg5 Bc6 17. Re1 d5) 15. Be3 Qc7 16. Bg5 Be6 17. Nd2 h6 18. Bxf6 $1 Bxf6 19. Ne4 ({Better is} 19. c4 $11) 19... Be7 $15 20. b3 $2 (20. c4 $11) 20... f5 (20... d5 $19 21. Nd2 Qxc3) 21. Nd2 $17 Qxc3 (21... d5 $17 22. c4 dxc4 23. Nxc4 e4) 22. Nc4 $15 Rfd8 $2 {[#]} (22... e4 $15 23. Nb6 Rae8) 23. Bd5 $1 $36 {[%cal Rd5e6][%mdl 2048] Keeping Black busy.} Bxd5 (23... Bf7 $16) 24. Qxd5+ $18 {[%mdl 64] Double Attack} Kg7 (24... Kf8 {is a better defense.}) 25. Qxb7 Kf6 $2 (25... Kf7 26. Nb6 Rab8 27. Qxe7+ {[%mdl 64] Decoy} Kxe7 28. Nd5+ {[%mdl 64] Double Attack} Ke6 29. Nxc3 Rxb3) 26. Rac1 Qb4 27. Qxb4 $2 (27. Nb6 $18 {and the rest is easy. Threatening mate with Nd5+!} d5 28. Qc6+ Kf7 29. Nxa8) 27... axb4 $16 28. Rfd1 Rab8 29. Ne3 (29. Na5 $16) 29... Ke6 30. Nd5 Bg5 (30... Rdc8 $14 31. Rc7 Rxc7 32. Nxc7+ Kd7) 31. e3 (31. Rc6 $16) 31... Rdc8 $14 32. Rxc8 Rxc8 {[%mdl 4096] Endgame KRB-KRN} 33. f4 Bd8 34. Nxb4 Rc3 (34... e4 $11) 35. Nd5 $2 (35. fxe5 $14 Kxe5 36. a5) 35... Rxb3 $17 36. Kg2 $2 (36. fxe5 $17 {was the only chance.} Kxe5 37. Kf2) 36... Ra3 $2 (36... e4 $19 {and Black stays clearly on top. aiming for ...Ba5.} 37. g4 Ba5) 37. a5 $2 (37. fxe5 $17 {was called for.} dxe5 38. Nf4+ {[%mdl 64] Discovered Attack} exf4 39. Rxd8) 37... Rxa5 38. Nc3 Ra3 {[#]} (38... Bb6 $19 39. Kf2 Bc5) 39. Ne2 $2 {[%mdl 8192]} (39. Rxd6+ $1 $15 {[%mdl 512]} Kxd6 40. Nb5+ Kd5 41. Nxa3) 39... Rxe3 $19 40. Kf2 (40. Rd2 $142) 40... Bb6 {Threatens to win with ...Rd3+.} 41. Kf1 e4 42. Rb1 Bc5 43. Rb8 Kd5 44. Rg8 Rf3+ 45. Ke1 Rf2 46. Rxg6 Rxh2 47. Rf6 Bb4+ 48. Kd1 Rh1+ 49. Kc2 Re1 50. Rxf5+ Ke6 $2 (50... Kc4 $19 51. Nc1 e3) 51. Nd4+ $11 Kd7 52. Kb3 $2 (52. Rf7+ $15 Kc8 53. Nb5) 52... Rb1+ $2 (52... Rd1 $19 53. Kc4 Bc5) 53. Kc4 ({White has to play} 53. Kc2 $1 $15 Rg1 54. Rf7+ Ke8 55. Rb7) 53... Bc5 $1 $19 {Strongly threatening ...Rb4+.} 54. Kd5 $2 (54. Nb3 $17) 54... Rb4 $2 (54... e3 $19 {...Bxd4 is the strong threat.} 55. Nf3 Rf1 56. Ne5+ dxe5 57. Rxe5 Bb6) 55. Rf7+ $2 {[%mdl 8192]} (55. Nc6 $11 Ra4 56. Rf7+ Kc8 57. Re7) 55... Kc8 $2 ({Black should try} 55... Ke8 $19 56. Nc6 Kxf7 57. Nxb4 Bxb4 58. Kxe4 h5) 56. Nc6 Rb6 (56... Ra4 $11) 57. Rf8+ (57. Ne7+ $16 Kd8 58. Kxe4) 57... Kc7 (57... Kd7 $11 {keeps the balance.} 58. Rf7+ Ke8 59. Re7+ Kf8 60. Rxe4 h5) 58. Rf7+ $16 Kc8 59. Rf8+ (59. Ne7+ $16 Kd8 60. Kxe4) 59... Kb7 60. Rf7+ {[%mdl 1024] White has compensation.} Ka6 $2 {[%mdl 8192]} (60... Kc8 $11) 61. Ra7+ Kb5 62. Ra5# {A wild game. Accuracy: White = 28%, Black = 26%.} 1-0

[Event "Stay Safe Play From Home 379"]
[Site "Emanuel Lasker Arena"]
[Date "2020.08.13"]
[Round "6"]
[White "MihailoVujic"]
[Black "Broken sword"]
[Result "0-1"]
[WhiteElo "2246"]
[BlackElo "2461"]
[Annotator "TA"]
[PlyCount "102"]
[EventDate "2020.08.13"]
[EventType "swiss (blitz)"]

{[%evp 9,102,31,45,52,41,-35,52,27,80,38,70,62,56,30,31,-120,25,-154,16,-134,-31,-145,-81,-96,-48,-175,-144,-259,-169,-141,0,0,0,0,0,0,0,-290,-120,-590,-579,-927,-766,-1050,-1024,-963,-754,-756,-748,-746,-256,-252,-145,-231,-222,-234,-187,-393,-371,-602,-612,-1548,-1467,-2105,-925,-1499,-1480,-1935,-1592,-1921,-1856,-1551,-1400,-12843,-12843,-12844,-12844,-12845,-12844,-12845,-12845,-12845,-12845,-12850,-27999,-12851,-12851,-12851,-12851,-12851,-27999,-12851,-27999,-29999,-27999]} 1. e4 c5 2. c3 e6 3. d4 a6 4. d5 {[#]} exd5 $146 ({Predecessor:} 4... d6 5. Nf3 Be7 6. Bd3 e5 7. Nbd2 Bg4 8. h3 Bd7 9. O-O Nf6 10. Nh2 b5 11. c4 {1-0 (32) Acevedo Romero,C (1708)-Gomez V,D (1901) Pereira 2019}) 5. exd5 d6 6. Nf3 {B22: Sicilian: 2 c3.} Nf6 7. Bd3 ({Better is} 7. c4 $14) 7... Bg4 (7... Nxd5 $15 8. O-O Be7) 8. c4 {White is slightly better.} Be7 (8... Nbd7 $11 {keeps the balance.}) 9. h3 Bh5 10. g4 Bg6 11. Bxg6 hxg6 12. Nc3 $2 (12. g5 $14 {stays ahead.} Nh7 13. Qe2) 12... Nbd7 ({Black should try} 12... Nxg4 $1 $17 13. Qe2 Nd7) 13. Be3 $2 {[#]} (13. g5 $11 Ng4 14. Qe2) 13... Rb8 $2 (13... Nxg4 $1 $17 {[%mdl 512]} 14. Bf4 (14. hxg4 Rxh1+) 14... Nge5 15. Bxe5 Nxe5 16. Nxe5 dxe5) 14. Qc2 {[#]} (14. g5 $11 Ng4 15. Bf4) 14... b5 (14... Nxg4 $1 $17 {[%mdl 512]} 15. Bf4 (15. hxg4 Rxh1+) 15... b5) 15. cxb5 (15. g5 $15 Ng4 16. Bf4) 15... axb5 (15... Nxg4 $142 $1 16. bxa6 Nxe3 17. fxe3 Qb6) 16. O-O-O b4 17. Ne2 (17. Na4 $1 $15) 17... O-O 18. Nf4 (18. g5 $17 Nh5 19. Kb1) 18... Nb6 19. h4 {[#] Threatens to win with h5.} Qd7 (19... c4 $1 $17 {Hoping for ...b3!} 20. h5 b3 21. axb3 cxb3) 20. h5 $1 $11 {[%cal Rh5g6]} Qxg4 21. hxg6 Qxf3 22. gxf7+ $1 Rxf7 {And now ...b3! would win.} 23. Rdg1 $2 {[%mdl 8192] [#] Black continues to play with concentration.} (23. Rh3 $11 {and White has nothing to worry.} Qe4 24. Qxe4 Nxe4 25. Ng6) 23... Nbxd5 (23... b3 $1 $19 {is more deadly.} 24. Qxb3 (24. axb3 Ra8) 24... Bd8) 24. Nxd5 $4 {[%mdl 8192]} (24. Rh3 $17 {nothing else works.} Nxe3 25. fxe3) 24... Qxd5 $19 25. Bh6 Bf8 26. Qg6 Qc4+ 27. Kb1 Qe4+ 28. Qxe4 Nxe4 29. f3 Nd2+ $2 (29... Rxf3 30. Ka1 c4) 30. Bxd2 c4 ({Black should play} 30... Rxf3 $19 31. Re1 Ra8) 31. f4 (31. Rg3 $17) 31... d5 32. Be3 Rd8 33. Rg4 $2 (33. Rd1 {was necessary.}) 33... d4 34. Bd2 $2 (34. Rd1 Rfd7 35. Bf2) 34... c3 35. bxc3 bxc3 36. Be1 Ra8 (36... Rc7 $142 37. Rg3 c2+ 38. Kc1 Rb8) 37. Rgh4 Rc7 38. Rh8+ Kf7 39. Kc2 Rxa2+ 40. Kd3 Ra1 41. Kxd4 c2 42. Bd2 Rxh1 43. Rxh1 {[%mdl 4096] Endgame KRB-KRB} Ba3 44. Kd3 c1=Q 45. Bxc1 Bxc1 {KRB-KR} 46. Rd1 Bxf4 47. Ke2 g5 48. Rf1 Kf6 49. Kf3 Kf5 {( -> ...Rc2)} 50. Kg2 Rc2+ 51. Kh3 Rc3+ {Accuracy: White = 25%, Black = 41%.} 0-1

[Event "Stay Safe Play From Home 379"]
[Site "Emanuel Lasker Arena"]
[Date "2020.08.13"]
[Round "6"]
[White "Lazieri3"]
[Black "Sfantul321"]
[Result "0-1"]
[WhiteElo "2171"]
[BlackElo "1954"]
[Annotator "NA"]
[PlyCount "122"]
[EventDate "2020.08.13"]
[EventType "swiss (blitz)"]

1. e4 {[%emt 0:00:01]} g6 {[%emt 0:00:01]} 2. Nc3 {[%emt 0:00:00]} Bg7 {[%emt 0:00:00]} 3. Nf3 {[%emt 0:00:01]} c5 {[%emt 0:00:00]} 4. d4 {[%emt 0:00:00]} cxd4 {[%emt 0:00:01]} 5. Nxd4 {[%emt 0:00:00]} Nc6 {[%emt 0:00:00]} 6. Nxc6 {[%emt 0:00:01]} bxc6 {[%emt 0:00:01]} 7. Bd3 {[%emt 0:00:02]} Rb8 {[%emt 0:00:00]} 8. O-O {[%emt 0:00:02]} Nf6 {[%emt 0:00:01]} 9. Be3 {[%emt 0:00:05]} d6 {[%emt 0:00:01]} 10. Rb1 {[%emt 0:00:01]} a5 {[%emt 0:00:01]} 11. Qd2 {[%emt 0:00:02]} Ng4 {[%emt 0:00:01]} 12. Bf4 {[%emt 0:00:01]} O-O {[%emt 0:00:01]} 13. h3 {[%emt 0:00:01]} Ne5 {[%emt 0:00:01]} 14. Bh6 {[%emt 0:00:02]} Nxd3 {[%emt 0:00:01]} 15. cxd3 {[%emt 0:00:01]} Ba6 {[%emt 0:00:03]} 16. Bxg7 {[%emt 0:00:02]} Kxg7 {[%emt 0:00:00]} 17. Rfd1 {[%emt 0:00:01]} d5 {[%emt 0:00:01]} 18. exd5 {[%emt 0:00:01]} cxd5 {[%emt 0:00:01]} 19. d4 {[%emt 0:00:02]} e6 {[%emt 0:00:01]} 20. b3 {[%emt 0:00:01]} Qf6 {[%emt 0:00:01]} 21. Na4 {[%emt 0:00:01]} Rbc8 {[%emt 0:00:01]} 22. Rbc1 {[%emt 0:00:01]} Rxc1 {[%emt 0:00:01]} 23. Rxc1 {[%emt 0:00:00]} Rc8 {[%emt 0:00:01]} 24. Rxc8 {[%emt 0:00:01]} Bxc8 {[%emt 0:00:01]} 25. Nc5 {[%emt 0:00:01]} e5 {[%emt 0:00:01]} 26. dxe5 {[%emt 0:00:01]} Qxe5 {[%emt 0:00:00]} 27. Qxa5 {[%emt 0:00:02]} d4 {[%emt 0:00:01]} 28. b4 {[%emt 0:00:04]} Bf5 {[%emt 0:00:02]} 29. Nd3 {[%emt 0:00:02]} Qf6 {[%emt 0:00:02]} 30. Qe5 {[%emt 0:00:02]} Bxd3 {[%emt 0:00:03]} 31. Qxf6+ {[%emt 0:00:01]} Kxf6 {[%emt 0:00:01]} 32. a4 {[%emt 0:00:01]} Bc2 {[%emt 0:00:01]} 33. Kf1 {[%emt 0:00:02]} Bxa4 {[%emt 0:00:01]} 34. Ke1 {[%emt 0:00:01]} Bb5 {[%emt 0:00:00]} 35. Kd2 {[%emt 0:00:01]} Ke5 {[%emt 0:00:00]} 36. g3 {[%emt 0:00:01]} Kd5 {[%emt 0:00:01]} 37. f3 {[%emt 0:00:02]} Kc4 {[%emt 0:00:00]} 38. h4 {[%emt 0:00:02]} Kxb4 {[%emt 0:00:00]} 39. g4 {[%emt 0:00:00]} Kc4 {[%emt 0:00:01]} 40. f4 {[%emt 0:00:00]} Bd7 {[%emt 0:00:01]} 41. f5 {[%emt 0:00:00]} gxf5 {[%emt 0:00:01]} 42. g5 {[%emt 0:00:00]} Bc6 {[%emt 0:00:02]} 43. h5 {[%emt 0:00:00]} Bf3 {[%emt 0:00:01]} 44. h6 {[%emt 0:00:00]} Bh5 {[%emt 0:00:01]} 45. Ke1 {[%emt 0:00:00]} d3 {[%emt 0:00:00]} 46. Kd2 {[%emt 0:00:01]} Kd4 {[%emt 0:00:00]} 47. Ke1 {[%emt 0:00:00]} Kc3 {[%emt 0:00:01]} 48. Kf2 {[%emt 0:00:00]} d2 {[%emt 0:00:00]} 49. Kg3 {[%emt 0:00:00]} d1=Q {[%emt 0:00:00]} 50. Kf4 {[%emt 0:00:00]} Qg4+ {[%emt 0:00:01]} 51. Ke5 {[%emt 0:00:00]} Qxg5 {[%emt 0:00:00]} 52. Kd5 {[%emt 0:00:02]} Qxh6 {[%emt 0:00:00]} 53. Ke5 {[%emt 0:00:00]} Qe6+ {[%emt 0:00:01]} 54. Kf4 {[%emt 0:00:00]} Qe4+ {[%emt 0:00:01]} 55. Kg5 {[%emt 0:00:00]} f4 {[%emt 0:00:00]} 56. Kf6 {[%emt 0:00:00]} f3 {[%emt 0:00:01]} 57. Kg7 {[%emt 0:00:00]} f2 {[%emt 0:00:00]} 58. Kh8 {[%emt 0:00:01]} f1=Q {[%emt 0:00:00]} 59. Kg8 {[%emt 0:00:00]} Qe8+ {[%emt 0:00:01]} 60. Kg7 {[%emt 0:00:01]} Qe7 {[%emt 0:00:01]} 61. Kh6 {[%emt 0:00:00]} f5 {[%emt 0:00:00] Time Time Time (Lag: Av=0.38s, max=0.7s) (Lag: Av=0.38s, max=0.7s) (Lag: Av=0.38s, max=0.7s)} 0-1

[Event "Stay Safe Play From Home 379"]
[Site "Emanuel Lasker Arena"]
[Date "2020.08.13"]
[Round "6"]
[White "Hickey"]
[Black "Stepmaker"]
[Result "1-0"]
[WhiteElo "2112"]
[BlackElo "1417"]
[Annotator "TA"]
[PlyCount "61"]
[EventDate "2020.08.13"]
[EventType "swiss (blitz)"]

{[%evp 9,61,56,78,70,88,-262,430,436,435,435,485,390,791,400,395,366,397,376,379,375,547,527,543,475,628,518,532,400,402,340,467,463,447,397,412,381,397,352,781,775,833,775,764,767,877,661,660,565,860,857,857,812,1357,831]} 1. Nf3 e6 2. g3 d5 3. Bg2 c6 4. O-O {[#]} Bd7 $146 ({Predecessor:} 4... f5 5. d3 Nf6 6. Nbd2 Be7 7. e4 dxe4 8. dxe4 O-O 9. Ne5 Nbd7 10. Nd3 Qc7 11. exf5 exf5 12. Nf3 {1-0 (30) Stefanova,A (2481)-Chiburdanidze,M (2500) Monaco 2019}) 5. b3 Na6 6. Bb2 {A07: Réti Opening: New York and Capablanca Systems.} Nc7 7. Bxg7 $2 {[%mdl 8192] [#]} (7. c4 $16 {stays on course.}) 7... Nh6 $4 {[%mdl 8192]} (7... Bxg7 $19 {and life is good for Black.} 8. d4 Ne7) 8. Bxh8 $18 f6 9. d4 Qe7 10. Qc1 {[#] Black must now prevent Qf4.} Qf7 $2 (10... O-O-O 11. Qf4 Nf5) 11. Bxf6 Qxf6 12. Ne5 Be7 13. Nxd7 Kxd7 14. c4 Na6 (14... Rd8 $142 15. e3 Kc8) 15. cxd5 cxd5 16. Nc3 {[%cal Bb1c3,Bc3a4,Ba4c5][%mdl 32]} Nb4 17. a3 Nc6 18. Na4 Nxd4 19. Qb2 Qe5 20. e3 Nc6 21. Qxe5 Nxe5 22. b4 b5 23. Nc5+ Kc6 $2 (23... Bxc5 24. bxc5 Rc8) 24. Nxe6 {White is clearly winning.} Kd6 25. Nd4 a6 26. Rfd1 Rc8 27. Nf3 Nc4 28. Nd2 Ng4 29. Nxc4+ bxc4 30. Rxd5+ Kc6 31. h3 {Accuracy: White = 52%, Black = 22%.} 1-0

[Event "Stay Safe Play From Home 379"]
[Site "Emanuel Lasker Arena"]
[Date "2020.08.13"]
[Round "6"]
[White "Yuriko"]
[Black "Mamba2001de"]
[Result "1-0"]
[WhiteElo "2019"]
[BlackElo "1426"]
[Annotator "NA"]
[PlyCount "77"]
[EventDate "2020.08.13"]
[EventType "swiss (blitz)"]

1. d4 {[%emt 0:00:01]} e6 {[%emt 0:00:01]} 2. c4 {[%emt 0:00:00]} Nf6 {[%emt 0:00:01]} 3. Nc3 {[%emt 0:00:01]} b6 {[%emt 0:00:01]} 4. e3 {[%emt 0:00:01]} Bb7 {[%emt 0:00:01]} 5. Nf3 {[%emt 0:00:00]} d5 {[%emt 0:00:01]} 6. Be2 {[%emt 0:00:00]} Be7 {[%emt 0:00:01]} 7. Rb1 {[%emt 0:00:00]} O-O {[%emt 0:00:01]} 8. b4 {[%emt 0:00:00]} c5 {[%emt 0:00:01]} 9. bxc5 {[%emt 0:00:01]} Ba6 {[%emt 0:00:04]} 10. cxb6 {[%emt 0:00:01]} axb6 {[%emt 0:00:01]} 11. cxd5 {[%emt 0:00:01]} exd5 {[%emt 0:00:02]} 12. O-O {[%emt 0:00:02]} Bxe2 {[%emt 0:00:01]} 13. Qxe2 {[%emt 0:00:00]} Nbd7 {[%emt 0:00:01]} 14. Bb2 {[%emt 0:00:01]} Rc8 {[%emt 0:00:01]} 15. Na4 {[%emt 0:00:03]} Ne4 {[%emt 0:00:00]} 16. Rfc1 {[%emt 0:00:02]} Rxc1+ {[%emt 0:00:02]} 17. Rxc1 {[%emt 0:00:00]} Qb8 {[%emt 0:00:02]} 18. Nc3 {[%emt 0:00:01]} Ndf6 {[%emt 0:00:03]} 19. Ne5 {[%emt 0:00:01]} Rc8 {[%emt 0:00:02]} 20. f3 {[%emt 0:00:05]} b5 {[%emt 0:00:01]} 21. fxe4 {[%emt 0:00:01]} b4 {[%emt 0:00:01]} 22. Nxd5 {[%emt 0:00:01]} Nxd5 {[%emt 0:00:01]} 23. exd5 {[%emt 0:00:00]} Bf6 {[%emt 0:00:01]} 24. Qg4 {[%emt 0:00:04]} Rxc1+ {[%emt 0:00:04]} 25. Bxc1 {[%emt 0:00:01]} h6 {[%emt 0:00:02]} 26. Qf5 {[%emt 0:00:02]} Qc7 {[%emt 0:00:01]} 27. Bd2 {[%emt 0:00:01]} b3 {[%emt 0:00:03]} 28. axb3 {[%emt 0:00:01]} Bxe5 {[%emt 0:00:01]} 29. dxe5 {[%emt 0:00:01]} Qc5 {[%emt 0:00:03]} 30. Qe4 {[%emt 0:00:02]} Qb5 {[%emt 0:00:03]} 31. b4 {[%emt 0:00:02]} Qe2 {[%emt 0:00:01]} 32. Qd4 {[%emt 0:00:01]} Qd1+ {[%emt 0:00:02]} 33. Kf2 {[%emt 0:00:01]} Qh5 {[%emt 0:00:02]} 34. d6 {[%emt 0:00:01]} Qf5+ {[%emt 0:00:02]} 35. Kg1 {[%emt 0:00:01]} Qb1+ {[%emt 0:00:02]} 36. Kf2 {[%emt 0:00:01]} Qf5+ {[%emt 0:00:01]} 37. Ke2 {[%emt 0:00:00]} Qg4+ {[%emt 0:00:02]} 38. Qxg4 {[%emt 0:00:01]} f5 {[%emt 0:00:01]} 39. Qxf5 {[%emt 0:00:01] Zeit Zeit Zeit (Lag: Av=0.40s, max=0.8s) (Lag: Av=0.40s, max=0.8s) (Lag: Av=0.40s, max=0.8s)} 1-0

[Event "Stay Safe Play From Home 379"]
[Site "Emanuel Lasker Arena"]
[Date "2020.08.13"]
[Round "6"]
[White "Haris kollari 13"]
[Black "Stefanone"]
[Result "0-1"]
[WhiteElo "1684"]
[BlackElo "1959"]
[Annotator "NA"]
[PlyCount "92"]
[EventDate "2020.08.13"]
[EventType "swiss (blitz)"]

1. e4 {[%emt 0:00:01]} e6 {[%emt 0:00:01]} 2. f4 {[%emt 0:00:01]} d5 {[%emt 0:00:00]} 3. e5 {[%emt 0:00:00]} c5 {[%emt 0:00:01]} 4. Nf3 {[%emt 0:00:00]} d4 {[%emt 0:00:01]} 5. b3 {[%emt 0:00:00]} Nc6 {[%emt 0:00:00]} 6. d3 {[%emt 0:00:00]} Nge7 {[%emt 0:00:01]} 7. Nbd2 {[%emt 0:00:01]} Ng6 {[%emt 0:00:01]} 8. Ne4 {[%emt 0:00:01]} Be7 {[%emt 0:00:01]} 9. g3 {[%emt 0:00:01]} O-O {[%emt 0:00:01]} 10. Bg2 {[%emt 0:00:00]} f6 {[%emt 0:00:01]} 11. exf6 {[%emt 0:00:02]} Bxf6 {[%emt 0:00:00]} 12. Bd2 {[%emt 0:00:01]} Qe7 {[%emt 0:00:01]} 13. Qe2 {[%emt 0:00:01]} e5 {[%emt 0:00:01]} 14. fxe5 {[%emt 0:00:03]} Ngxe5 {[%emt 0:00:01]} 15. O-O-O {[%emt 0:00:02]} Nxf3 {[%emt 0:00:01]} 16. Bxf3 {[%emt 0:00:01]} Ne5 {[%emt 0:00:01]} 17. Bg2 {[%emt 0:00:03]} Qf7 {[%emt 0:00:01]} 18. Nxf6+ {[%emt 0:00:02]} gxf6 {[%emt 0:00:01]} 19. Rde1 {[%emt 0:00:02]} Bg4 {[%emt 0:00:01]} 20. Qe4 {[%emt 0:00:02]} f5 {[%emt 0:00:01]} 21. Qf4 {[%emt 0:00:04]} Nc6 {[%emt 0:00:02]} 22. h3 {[%emt 0:00:02]} Bh5 {[%emt 0:00:01]} 23. Qd6 {[%emt 0:00:03]} Bg6 {[%emt 0:00:02]} 24. Bd5 {[%emt 0:00:01]} Rad8 {[%emt 0:00:01]} 25. Bxf7+ {[%emt 0:00:01]} Kxf7 {[%emt 0:00:00]} 26. Qxc5 {[%emt 0:00:01]} Kg7 {[%emt 0:00:02]} 27. Re6 {[%emt 0:00:02]} Bf7 {[%emt 0:00:01]} 28. Rxc6 {[%emt 0:00:01]} bxc6 {[%emt 0:00:01]} 29. Qxc6 {[%emt 0:00:01]} Rc8 {[%emt 0:00:00]} 30. Qh6+ {[%emt 0:00:01]} Kg8 {[%emt 0:00:02]} 31. Bg5 {[%emt 0:00:01]} Bg6 {[%emt 0:00:01]} 32. Bf4 {[%emt 0:00:02]} Rf7 {[%emt 0:00:01]} 33. Be5 {[%emt 0:00:01]} Rb7 {[%emt 0:00:02]} 34. Bxd4 {[%emt 0:00:01]} a5 {[%emt 0:00:01]} 35. Re1 {[%emt 0:00:02]} a4 {[%emt 0:00:02]} 36. Kb2 {[%emt 0:00:02]} axb3 {[%emt 0:00:01]} 37. axb3 {[%emt 0:00:01]} Rd7 {[%emt 0:00:00]} 38. Bc3 {[%emt 0:00:01]} Rdc7 {[%emt 0:00:02]} 39. Qd2 {[%emt 0:00:04]} Rd7 {[%emt 0:00:02]} 40. Re6 {[%emt 0:00:01]} Rcd8 {[%emt 0:00:00]} 41. Qf4 {[%emt 0:00:01]} Rd4 {[%emt 0:00:01]} 42. Qxd4 {[%emt 0:00:01]} Rxd4 {[%emt 0:00:01]} 43. Bxd4 {[%emt 0:00:00]} Kf7 {[%emt 0:00:00]} 44. Rb6 {[%emt 0:00:01]} f4 {[%emt 0:00:01]} 45. Rb7+ {[%emt 0:00:01]} Ke6 {[%emt 0:00:01]} 46. gxf4 {[%emt 0:00:00]} Kf5 {[%emt 0:00:00] Time Time Time (Lag: Av=0.37s, max=0.5s) (Lag: Av=0.37s, max=0.5s) (Lag: Av=0.37s, max=0.5s)} 0-1

[Event "Stay Safe Play From Home 379"]
[Site "Emanuel Lasker Arena"]
[Date "2020.08.13"]
[Round "6"]
[White "Dreamsoldier"]
[Black "Klasman"]
[Result "0-1"]
[WhiteElo "1270"]
[BlackElo "1279"]
[Annotator "NA RC"]
[PlyCount "26"]
[EventDate "2020.08.13"]
[EventType "swiss (blitz)"]

1. e4 {[%emt 0:00:04]} f5 {[%emt 0:00:01]} 2. exf5 {[%emt 0:00:02]} Nf6 {[%emt 0:00:01]} 3. Nc3 {[%emt 0:00:00]} d5 {[%emt 0:00:01]} 4. Nf3 {[%emt 0:00:00]} Bxf5 {[%emt 0:00:02]} 5. d4 {[%emt 0:00:00]} c6 {[%emt 0:00:02]} 6. Be3 {[%emt 0:00:00]} Nbd7 {[%emt 0:00:01]} 7. Bd3 {[%emt 0:00:00]} e6 {[%emt 0:00:01]} 8. Bxf5 {[%emt 0:00:01]} exf5 {[%emt 0:00:01]} 9. Ne5 {[%emt 0:00:00]} Nxe5 {[%emt 0:00:02]} 10. dxe5 {[%emt 0:00:00]} Nd7 {[%emt 0:00:02]} 11. Bf4 {[%emt 0:00:00]} g5 {[%emt 0:00:05]} 12. Bxg5 {[%emt 0:00:01]} Qxg5 {[%emt 0:00:02]} 13. Qh5+ {[%emt 0:00:00]} Qxh5 {[%emt 0:00:01] Dreamsoldier terk eder Dreamsoldier terk eder Dreamsoldier terk eder (Lag: Av=0.44s, max=0.5s) (Lag: Av=0.44s, max=0.5s) (Lag: Av=0.44s, max=0.5s)} 0-1